00553nam a22001937a 450000100060000000300080000600500170001400800410003103500190007204000260009104100080011708200210012510000190014624500570016526000350022230000340025760000520029170000160034322294BD-RjUL20211209000805.0140308s1985 enk||| | |||| 001 0 eng d a(BD-RjUL)22359 aBD-RjULbengcBD-RjUL aeng04a826.91bMOL 19851 a Mozley J. B0 aLetters of the Rev. J.B. Mozley /cEd. by His Sister aLondon :b Rivingtons, c1885. a3 p. l., 364 p. :b c 22 cm. a Mozley, J. B. -- (James Bowling),d- 1813-18781 aSister, His